000 00695nam a2200217Ia 4500
001 245
003 GE_BSU
008 181216s||||||||xx |||||||||||||| ||und||
040 _cGE_BSU
080 _a355.1(560)
100 _aბატიაშვილი,ზურაბ
245 _aთურქეთის შეიარაღებული ძალები
245 _cრედ: წათე ბაწაში
260 _aთბილისი
260 _c2000
300 _a104 გვ.
541 _h4 ლ.
653 _aთურქეთის შეიარაღებული ძალები
653 _aსამხედრო საქმე
942 _cBK
999 _c34496
_d34496